[Event "Gibraltar Open"]
[Site "Caleta ENG"]
[Date "2012.02.01"]
[Round "9.116"]
[White "Salomon, Johan"]
[Black "Andersen, Daniel"]
[Result "1/2-1/2"]
[BlackTitle "FM"]
[WhiteElo "2002"]
[BlackElo "1884"]
[WhiteFideId "1509500"]
[BlackFideId "1402714"]
[EventDate "2012.01.24"]

1. e4 e6 2. d4 d5 3. Nc3 Nf6 4. Bg5 dxe4 5. Nxe4 Be7 6. Bxf6 gxf6 7. Nf3 f5 8.
Nc3 a6 9. a4 b6 10. d5 Bb7 11. Bc4 Bf6 12. dxe6 Qxd1+ 13. Rxd1 Bxc3+ 14. bxc3
fxe6 15. Bxe6 Bxf3 16. gxf3 Rf8 17. O-O Ke7 18. Rfe1 Kf6 19. Rd5 Kg6 20. Ree5 c6
21. Bxf5+ Rxf5 22. Rxf5 cxd5 23. Rxd5 Ra7 24. Rd6+ Kf5 25. Rxb6 Nd7 26. Rc6 Ne5
27. Rc5 Rg7+ 28. Kf1 Rg6 29. Ke2 Re6 30. Ke3 Kf6 31. Kf4 Nd7 32. Rh5 Kg6 33.
Rg5+ Kf7 34. Rh5 h6 35. Rd5 Nb6 36. Ra5 Kf6 37. Rf5+ Kg6 38. a5 Na4 39. Rd5 Nxc3
40. Rc5 Ne2+ 41. Kg4 Nd4 42. c3 Nb3 43. Rd5 Nc1 44. f4 Rf6 45. c4 Rc6 46. h4 Nb3
47. f5+ Kf7 48. f4 Rc5 49. Rd6 Rxa5 50. Rxh6 Ra1 51. Rh7+ Kf6 52. Rh6+ Kg7 53.
Rb6 Nc5 54. f6+ Kf7 55. Rc6 Ne6 1/2-1/2

[Event "Gibraltar Open"]
[Site "Caleta ENG"]
[Date "2012.02.01"]
[Round "9.117"]
[White "Marano, Salvatore"]
[Black "Kuenitz, Klaus"]
[Result "1/2-1/2"]
[WhiteElo "1967"]
[BlackElo "1686"]
[WhiteFideId "814962"]
[BlackFideId "4640713"]
[EventDate "2012.01.24"]

1. e4 e6 2. d3 d5 3. Nd2 c5 4. Ngf3 Nc6 5. g3 Nf6 6. Bg2 b6 7. O-O Bb7 8. e5 Nd7
9. Re1 Qc7 10. Qe2 Be7 11. h4 h6 12. Nf1 O-O-O 13. c3 Rdg8 14. a3 g5 15. b4 gxh4
16. bxc5 hxg3 17. fxg3 Bxc5+ 18. d4 Be7 19. c4 Ba6 20. Bf4 Bg5 21. Ne3 Bxf4 22.
gxf4 Na5 23. Qa2 Nxc4 24. Rac1 Kb8 25. Kf2 Nxe3 26. Kxe3 Bc4 27. Qb2 f6 28. Bf1
fxe5 29. dxe5 Rg3 30. Qd4 b5 31. Kf2 Rg7 32. a4 a6 33. axb5 axb5 34. Re3 Qb6 35.
Bh3 Re8 36. Qxb6+ Nxb6 37. Nd4 Rg6 38. Rg3 Rxg3 39. Kxg3 b4 40. Nc6+ Kc7 41.
Nxb4 Kd7 42. Ra1 Rg8+ 43. Kh4 Ra8 44. Rxa8 Nxa8 45. Nc2 Nc7 46. Nd4 Ke7 47. Kh5
Bd3 48. Kxh6 Kf7 49. Bg4 Be4 50. Bh5+ Ke7 51. Bg4 Bd3 52. Kg5 Ba6 53. Kh4 Bc8
54. Kg3 Bd7 55. Kf2 Ne8 56. Ke3 Nc7 57. Kd2 Kf7 58. Nf3 Nb5 59. Ng5+ Ke7 60. Ke3
Nc7 61. Kd4 Na6 62. Bh3 Bc8 63. Bf1 Nc7 64. Kc5 Bd7 65. Kb6 Ne8 66. Bh3 Ng7 67.
Bg4 Be8 68. Kc5 Bg6 69. Kd4 Bc2 70. Kc3 Bg6 71. Kd2 Bb1 72. Bh3 Bg6 73. Ke3 Bb1
74. Nf3 Bg6 75. Nd4 Be8 76. Kf2 Bd7 77. Kg3 Nh5+ 78. Kg4 Ng7 79. Kg5 Ne8 80. Bg4
Nc7 81. Kg6 Be8+ 82. Kg7 Bd7 83. Be2 Na8 84. Kg8 Nc7 85. Bd3 Na8 86. Kg7 Nc7 87.
Bg6 Nb5 88. Nf3 d4 89. Bd3 Bc6 90. Nh4 Nc7 91. Ng6+ Kd7 92. Kf7 Bd5 93. Bc2 Kc6
94. Ke7 Bc4 95. Ba4+ Kc5 96. Kf6 Kb4 97. Bd1 Nd5+ 98. Kg5 Ne3 99. Bh5 Kc3 100.
Ne7 d3 101. f5 exf5 102. Nxf5 Nc2 103. Kf4 d2 104. Ne3 Bf7 105. Nd1+ Kd4 106.
Bxf7 Nb4 107. Bb3 Nd3+ 108. Kf5 Nxe5 1/2-1/2

[Event "Gibraltar Open"]
[Site "Caleta ENG"]
[Date "2012.02.01"]
[Round "9.118"]
[White "Riiser, Samuel"]
[Black "Jablon, Stephen"]
[Result "0-1"]
[WhiteElo "1827"]
[BlackElo "1931"]
[WhiteFideId "1509470"]
[BlackFideId "2019833"]
[EventDate "2012.01.24"]

1. d4 Nf6 2. Nf3 e6 3. c4 b6 4. e3 Bb7 5. Bd3 Ne4 6. O-O f5 7. Nfd2 Bd6 8. Bxe4
fxe4 9. Qg4 O-O 10. Nxe4 h5 11. Qg6 Bxh2+ 12. Kh1 Qh4 13. Qg5 Qxe4 14. Kxh2 Rf5
15. Qg3 h4 16. Qh3 Qd3 17. Rg1 Rxf2 18. Qxh4 Rf6 19. e4 Bxe4 20. Nc3 Bb7 21. c5
Nc6 22. Bg5 Raf8 23. Rgd1 Qc2 24. Rd2 Qf5 25. Bxf6 Rxf6 26. Kg1 Rh6 27. Qg3 Qh5
28. Re1 Qh1+ 29. Kf2 Rf6+ 30. Ke3 Qh6+ 31. Ke2 Qh5+ 32. Ke3 Ba6 33. Ne4 Rg6 34.
Qh3 Qd5 35. b3 Ne7 36. g4 e5 37. dxe5 Qxe5 38. Qh5 Qe6 39. Rh1 Rh6 40. Qe8+ Kh7
41. Rdh2 Nd5+ 42. Kd2 Qxe8 0-1

[Event "Gibraltar Open"]
[Site "Caleta ENG"]
[Date "2012.02.01"]
[Round "9.119"]
[White "Lundback, Karl"]
[Black "Randlov, Carsten"]
[Result "0-1"]
[WhiteElo "1907"]
[BlackElo "1831"]
[WhiteFideId "1716026"]
[BlackFideId "1437542"]
[EventDate "2012.01.24"]

1. e4 g6 2. Nf3 d6 3. g3 Bg7 4. Bg2 c5 5. O-O Nc6 6. Re1 Bg4 7. h3 Bd7 8. d3 h5
9. c3 Qc8 10. Kh2 Nh6 11. Bg5 f6 12. Bxh6 Bxh6 13. Nbd2 Qc7 14. Nh4 Bxd2 15.
Qxd2 g5 16. Nf3 O-O-O 17. b4 Bxh3 18. Nxg5 Bxg2 19. Nf7 Bf3 20. Qf4 Bg4 21. b5
Ne5 22. Re3 Nxf7 0-1

[Event "Gibraltar Open"]
[Site "Caleta ENG"]
[Date "2012.02.01"]
[Round "9.121"]
[White "Puroila, Sippo"]
[Black "Neumanova, Monika"]
[Result "0-1"]
[WhiteElo "1906"]
[BlackElo "1696"]
[WhiteFideId "504572"]
[BlackFideId "323918"]
[EventDate "2012.01.24"]

1. e4 c5 2. f4 e6 3. Nf3 d6 4. c3 Nf6 5. Bd3 Be7 6. Bc2 O-O 7. d4 cxd4 8. cxd4
d5 9. e5 Ne8 10. O-O f6 11. Qd3 g6 12. exf6 Bxf6 13. Nc3 Nc6 14. a3 Nd6 15. Ne5
Nf5 16. Ne2 Qb6 17. Nxc6 bxc6 18. g4 Ba6 19. Qd1 Nxd4 20. Be3 Nxe2+ 21. Kh1 Qxe3
22. Ra2 Nd4 23. Qa1 Nxc2 24. Rb1 Qf3+ 25. Kg1 Bd4# 0-1

[Event "Gibraltar Open"]
[Site "Caleta ENG"]
[Date "2012.02.01"]
[Round "9.126"]
[White "Whatley, Stephen A J"]
[Black "Savage, Neil"]
[Result "1/2-1/2"]
[WhiteElo "1648"]
[BlackElo "1645"]
[WhiteFideId "420441"]
[BlackFideId "14304783"]
[EventDate "2012.01.24"]

1. e4 c5 2. Nf3 Nc6 3. d4 cxd4 4. Nxd4 e5 5. Nb3 Nf6 6. Nc3 Bb4 7. Bd3 O-O 8.
O-O Bxc3 9. bxc3 h6 10. c4 d6 11. c3 Qc7 12. Qe2 Be6 13. Ba3 b6 14. g3 Rfc8 15.
Rfe1 Nd8 16. Nd2 Nb7 17. Rac1 Ne8 18. Bb4 Nc5 19. Bc2 Nd7 20. Bd3 Nc5 21. Bc2
Nd7 22. Bd3 Nc5 23. Bc2 Nd7 1/2-1/2

[Event "Gibraltar Open"]
[Site "Caleta ENG"]
[Date "2012.02.02"]
[Round "10.5"]
[White "Gustafsson, Jan"]
[Black "Almasi, Zoltan"]
[Result "1/2-1/2"]
[WhiteTitle "GM"]
[BlackTitle "GM"]
[WhiteElo "2643"]
[BlackElo "2717"]
[WhiteFideId "4625498"]
[BlackFideId "702293"]
[EventDate "2012.01.24"]

1. Nf3 c5 2. c4 Nc6 3. Nc3 Nf6 4. g3 g6 5. Bg2 d6 6. d4 cxd4 7. Nxd4 Bd7 8. O-O
Bg7 9. Nc2 Qc8 10. b3 Bh3 11. Bb2 Bxg2 12. Kxg2 O-O 13. Rb1 a6 14. a4 Rb8 15.
Nd5 Nxd5 16. Qxd5 Bxb2 17. Rxb2 b5 18. axb5 axb5 19. cxb5 Na7 20. Nd4 Qb7 21.
Qxb7 Rxb7 22. Rc1 Nxb5 23. Nxb5 Rxb5 24. Rc7 e6 25. e4 Rfb8 26. Rd7 Rxb3 27.
Rxb3 Rxb3 28. Rxd6 h5 29. h4 Kg7 30. Ra6 Rb2 1/2-1/2

[Event "Gibraltar Open"]
[Site "Caleta ENG"]
[Date "2012.02.02"]
[Round "10.8"]
[White "Howell, David W L"]
[Black "Shirov, Alexei"]
[Result "1/2-1/2"]
[WhiteTitle "GM"]
[BlackTitle "GM"]
[WhiteElo "2603"]
[BlackElo "2710"]
[WhiteFideId "410608"]
[BlackFideId "2209390"]
[EventDate "2012.01.24"]

1. e4 e6 2. d4 d5 3. Nd2 Nf6 4. e5 Nfd7 5. Bd3 c5 6. c3 Nc6 7. Ngf3 Rb8 8. a3 b5
9. Nf1 cxd4 10. cxd4 b4 11. Ng3 bxa3 12. bxa3 Ba6 13. O-O Bxd3 14. Qxd3 Be7 15.
Nh5 O-O 16. h4 g6 17. Nf4 Na5 18. h5 Rb3 19. Qd1 Qb6 20. Nd2 Rb5 21. hxg6 hxg6
22. Qc2 Kg7 23. a4 Rb4 24. Ba3 Qxd4 25. Qxg6+ fxg6 26. Nxe6+ Kf7 27. Nxd4 Rxd4
28. e6+ Kxe6 29. Rfe1+ Ne5 30. Bxe7 Kxe7 31. Rxe5+ Kd6 32. Re2 Rff4 33. Rae1 Rf6
34. Ra1 Rxd2 35. Rxd2 Nb3 36. Rdd1 Nxa1 37. Rxa1 Kc5 38. Kf1 Re6 39. Re1 Ra6 40.
Ra1 Kb4 41. Rd1 Kc5 42. Rc1+ Kd6 43. Ra1 d4 44. a5 Kd5 45. Ke2 Rc6 46. Kd2 a6
47. Rb1 Rc5 48. Rb6 Rxa5 49. Rxg6 Ra2+ 50. Kd3 Ra3+ 51. Kd2 a5 52. Rg8 Ra2+ 53.
Kd3 1/2-1/2

[Event "Gibraltar Open"]
[Site "Caleta ENG"]
[Date "2012.02.02"]
[Round "10.10"]
[White "Laznicka, Viktor"]
[Black "Rapport, Richard"]
[Result "1-0"]
[WhiteTitle "GM"]
[BlackTitle "GM"]
[WhiteElo "2704"]
[BlackElo "2543"]
[WhiteFideId "316385"]
[BlackFideId "738590"]
[EventDate "2012.01.24"]

1. d4 d5 2. c4 c6 3. Nc3 Nf6 4. e3 g6 5. Nf3 Bg7 6. h3 O-O 7. Bd3 b6 8. O-O Bb7
9. e4 dxe4 10. Nxe4 Nbd7 11. Re1 Qc7 12. Nxf6+ Bxf6 13. Bg5 Rfe8 14. Qd2 Rad8
15. Re4 Nf8 16. Rae1 Ne6 17. Rxe6 fxe6 18. Bf4 e5 19. Rxe5 Rxd4 20. Re4 Rxd3 21.
Qxd3 Qd8 22. Qe2 c5 23. Re3 Qd7 24. Ne5 Qf5 25. Bh6 e6 26. Kh2 g5 27. b3 Qf4+
28. Kg1 Qf5 29. Qh5 Rf8 30. Nd7 Bd4 31. Nxf8 Bxe3 32. fxe3 Qe5 33. Qg4 Qxe3+ 34.
Kh2 Qe5+ 35. Qg3 Qxg3+ 36. Kxg3 Bc8 37. Kg4 1-0

[Event "Gibraltar Open"]
[Site "Caleta ENG"]
[Date "2012.02.02"]
[Round "10.11"]
[White "Berg, Emanuel"]
[Black "Vachier-Lagrave, Maxime"]
[Result "1-0"]
[WhiteTitle "GM"]
[BlackTitle "GM"]
[WhiteElo "2550"]
[BlackElo "2699"]
[WhiteFideId "1704060"]
[BlackFideId "623539"]
[EventDate "2012.01.24"]

1. e4 c5 2. Nf3 d6 3. d4 cxd4 4. Nxd4 Nf6 5. Nc3 a6 6. Bg5 e6 7. f4 h6 8. Bh4
Qb6 9. Qd3 Qxb2 10. Rb1 Qa3 11. f5 Be7 12. fxe6 fxe6 13. Be2 O-O 14. O-O Kh8 15.
Kh1 Nbd7 16. Nxe6 Ne5 17. Nxf8 Nxd3 18. Ng6+ Kh7 19. Bxd3 Kxg6 20. e5+ Kh5 21.
exf6 Bxf6 22. Bxf6 gxf6 23. Rb3 Qa5 24. Rxf6 Bd7 25. Ne4 Bg4 26. h3 Rg8 27.
hxg4+ Rxg4 28. Be2 Qe1+ 29. Kh2 1-0

[Event "Gibraltar Open"]
[Site "Caleta ENG"]
[Date "2012.02.02"]
[Round "10.12"]
[White "Dzagnidze, Nana"]
[Black "Sargissian, Gabriel"]
[Result "0-1"]
[WhiteTitle "GM"]
[BlackTitle "GM"]
[WhiteElo "2535"]
[BlackElo "2683"]
[WhiteFideId "13601903"]
[BlackFideId "13300881"]
[EventDate "2012.01.24"]

1. c4 e5 2. Nc3 Nf6 3. Nf3 Nc6 4. g3 Bc5 5. Nxe5 Bxf2+ 6. Kxf2 Nxe5 7. e4 d6 8.
h3 c5 9. d3 O-O 10. Kg2 Nc6 11. Bg5 h6 12. Be3 Nd7 13. Be2 Nde5 14. Qd2 f5 15.
Raf1 Nd4 16. Rf2 Be6 17. Bh5 Qd7 18. b3 a6 19. Nd5 Rab8 20. Nf4 b5 21. Bxd4 cxd4
22. Re1 bxc4 23. dxc4 fxe4 24. Qxd4 Nd3 25. Nxd3 Bxh3+ 26. Kg1 exd3 27. Rxf8+
Rxf8 28. Qxd3 Kh8 29. Bg6 Qc6 30. Be4 Qc5+ 31. Qe3 Re8 32. Qxc5 dxc5 33. Kf2 a5
34. Ke3 Bg2 35. Kd3 h5 36. a3 g5 37. Re3 Bxe4+ 38. Rxe4 Rxe4 39. Kxe4 Kg7 40.
Kf5 Kh6 41. Ke4 Kg6 42. Ke5 g4 43. Kf4 Kf6 44. Ke4 Kg5 45. Ke3 h4 46. gxh4+ Kxh4
47. b4 g3 48. b5 Kh3 0-1